|
|
|
|
| LEADER |
00693nta a2200169 i 4500 |
| 001 |
dipl35690 |
| 005 |
20160419081903.0 |
| 008 |
120217s2005 hu om 0|| hun d |
| 040 |
|
|
|a SZTE Diploma Repozitórium
|b hun
|
| 041 |
|
|
|a hun
|
| 100 |
1 |
|
|a Tóth Erzsébet
|
| 245 |
1 |
2 |
|a A Deszki Művelődési Ház és Könyvtár könyvtári honlapjának elkészítése
|h [elektronikus dokumentum] /
|c Erzsébet Tóth
|
| 260 |
|
|
|c 2005
|
| 650 |
|
4 |
|a Bölcsészettudományok
|
| 700 |
1 |
|
|a Csúri Péter
|e ths
|
| 856 |
4 |
0 |
|u http://diploma.bibl.u-szeged.hu/id/eprint/35690/1/2005_toth_erzsebet.pdf
|z Dokumentum-elérés
|
| 856 |
4 |
0 |
|u http://diploma.bibl.u-szeged.hu/id/eprint/35690/2/2005_toth_erzsebet.tgz
|z Dokumentum-elérés
|